000 00248nam a22001097a 4500
008 170120b xxu||||| |||| 00| 0 eng d
020 _a0803696043
041 _aeng
080 _a618.2
245 _aNURSES AND FAMILIES
_cWRIGHT, L.M
942 _2udc
_cBK
999 _c3277
_d3277